[Event "Jugend WM U20"]
[Site "Istanbul"]
[Date "2005.11.14"]
[Round "6.45"]
[White "Ouakhir, Mehdi"]
[Black "Acuner, Emrah"]
[Result "1-0"]
[WhiteElo "2239"]
[BlackElo "1903"]
[PlyCount "141"]
[EventDate "2005.11.??"]
[EventType "swiss"]
[EventRounds "13"]
[EventCountry "TUR"]
[Source "Reinhold Goldau"]
[SourceDate "2000.03.01"]

1. d4 Nf6 2. c4 e6 3. Nc3 Bb4 4. Qc2 O-O 5. e4 Nc6 6. e5 Ne8 7. Nf3 d6 8. Bg5
f6 9. exf6 Nxf6 10. Be2 Qe8 11. O-O Bxc3 12. bxc3 e5 13. Rfe1 h6 14. Bh4 g5 15.
Bg3 g4 16. Nd2 exd4 17. Bxg4 Qf7 18. Bf3 dxc3 19. Qxc3 Bf5 20. Re2 Bg4 21. Rae1
Bxf3 22. Nxf3 Rae8 23. h3 Rxe2 24. Rxe2 Re8 25. Rxe8+ Nxe8 26. a3 Qe6 27. Kh2
Nf6 28. Qb2 b6 29. Qb5 Na5 30. Bh4 Ne4 31. Qa6 Nxc4 32. Qxa7 c5 33. Qa8+ Kg7
34. Qb7+ Kf8 35. Qc6 Kf7 36. Qb7+ Kf8 37. Qc6 Qe8 38. Qb7 b5 39. Qh7 Qe6 40.
Qh8+ Kf7 41. Qh7+ Ke8 42. Qh8+ Kf7 43. Qh7+ Kf8 44. Qh8+ Qg8 45. Qxh6+ Ke8 46.
Ng5 Nxg5 47. Bxg5 Kd7 48. Qf6 Nxa3 49. Qe7+ Kc6 50. h4 Qg6 51. g4 b4 52. h5 Qc2
53. Qe8+ Kd5 54. Qf7+ Kd4 55. h6 Nc4 56. h7 b3 57. h8=Q+ Ne5 58. Qf4+ Kc3 59.
Bf6 b2 60. Bxe5+ dxe5 61. Qhxe5+ Kb3 62. Qee3+ Ka2 63. Qf7+ c4 64. Qfa7+ Kb1
65. Qe1+ Qc1 66. Qh7+ Ka2 67. Qa5+ Kb3 68. Qb5+ Kc3 69. Qg7+ Kd3 70. Qd5+ Kc2
71. Qxc4+ 1-0

[Event "Jugend WM U20"]
[Site "Istanbul"]
[Date "2005.11.14"]
[Round "6.46"]
[White "Uesugi, Shinsaku"]
[Black "Lauda, Alexandr"]
[Result "1/2-1/2"]
[WhiteElo "2040"]
[BlackElo "2010"]
[PlyCount "61"]
[EventDate "2005.11.??"]
[EventType "swiss"]
[EventRounds "13"]
[EventCountry "TUR"]
[Source "Reinhold Goldau"]
[SourceDate "2000.03.01"]

1. e4 c5 2. Nf3 Nc6 3. d4 cxd4 4. Nxd4 e5 5. Nb5 a6 6. Nd6+ Bxd6 7. Qxd6 Qf6 8.
Qxf6 Nxf6 9. Nc3 Nb4 10. Bd3 d5 11. Nxd5 Nfxd5 12. exd5 Nxd3+ 13. cxd3 Bf5 14.
f4 O-O-O 15. fxe5 Rxd5 16. O-O Be6 17. Rf3 Rhd8 18. Bg5 f6 19. Rc1+ Kb8 20. Bf4
g5 21. Bg3 f5 22. Be1 f4 23. h3 Rxe5 24. Bc3 Rc5 25. a3 Bf5 26. Re1 Rxd3 27.
Rxd3 Bxd3 28. Re5 Rxe5 29. Bxe5+ Kc8 30. Bf6 Be4 31. Bxg5 1/2-1/2

[Event "Jugend WM U20"]
[Site "Istanbul"]
[Date "2005.11.16"]
[Round "7.3"]
[White "Bartel, Mateusz"]
[Black "Wojtaszek, Radoslaw"]
[Result "1/2-1/2"]
[WhiteElo "2513"]
[BlackElo "2606"]
[PlyCount "75"]
[EventDate "2005.11.??"]
[EventType "swiss"]
[EventRounds "13"]
[EventCountry "TUR"]
[Source "Reinhold Goldau"]
[SourceDate "2000.03.01"]

1. d4 Nf6 2. c4 e6 3. Nf3 c5 4. d5 d6 5. Nc3 exd5 6. cxd5 g6 7. Bf4 a6 8. e4 b5
9. Qe2 Be7 10. Qc2 O-O 11. a4 b4 12. Nb1 Nh5 13. Bh6 Re8 14. Bd3 Nd7 15. Nbd2
a5 16. O-O Nb6 17. Rfe1 Nf6 18. h3 Bb7 19. Bb5 Nfd7 20. Bf4 f6 21. Nf1 Qc8 22.
h4 Ba6 23. Bc6 Bb7 24. Bb5 Ba6 25. Bxa6 Qxa6 26. h5 Ne5 27. Bxe5 fxe5 28. Qc1
Qc8 29. hxg6 hxg6 30. Qh6 Qg4 31. Ne3 Qh5 32. Qxh5 gxh5 33. Kf1 c4 34. Ke2 Kf7
35. Rec1 Rec8 36. Nd2 Bg5 37. Nexc4 Nxc4 38. Nxc4 1/2-1/2

[Event "Jugend WM U20"]
[Site "Istanbul"]
[Date "2005.11.16"]
[Round "7.6"]
[White "Tomashevsky, Evgeny"]
[Black "Zhigalko, Sergei"]
[Result "1/2-1/2"]
[WhiteElo "2564"]
[BlackElo "2490"]
[PlyCount "35"]
[EventDate "2005.11.??"]
[EventType "swiss"]
[EventRounds "13"]
[EventCountry "TUR"]
[Source "Reinhold Goldau"]
[SourceDate "2000.03.01"]

1. c4 e6 2. Nf3 Nf6 3. Nc3 Bb4 4. Qc2 O-O 5. a3 Bxc3 6. Qxc3 a5 7. b3 d6 8. g3
e5 9. Bg2 c5 10. Bb2 Nc6 11. d3 Re8 12. O-O Bg4 13. e3 Qd7 14. Rfe1 h6 15. Nd2
Bh3 16. Bh1 Rab8 17. Qc2 Ng4 18. Bc3 1/2-1/2

[Event "Jugend WM U20"]
[Site "Istanbul"]
[Date "2005.11.16"]
[Round "7.7"]
[White "Stellwagen, Daniel"]
[Black "Glud, Jacob Vang"]
[Result "1-0"]
[WhiteElo "2561"]
[BlackElo "2349"]
[PlyCount "37"]
[EventDate "2005.11.??"]
[EventType "swiss"]
[EventRounds "13"]
[EventCountry "TUR"]
[Source "Reinhold Goldau"]
[SourceDate "2000.03.01"]

1. e4 c5 2. Nf3 e6 3. d4 cxd4 4. Nxd4 a6 5. Nc3 b5 6. Bd3 Qb6 7. Nf3 Nc6 8. O-O
Qb8 9. e5 Nge7 10. Re1 Bb7 11. Be4 f5 12. exf6 gxf6 13. Nh4 d5 14. Bxd5 exd5
15. Nxd5 Ne5 16. Qh5+ Kd8 17. Nxf6 Bg7 18. Qg5 N7g6 19. Nxg6 1-0

[Event "Jugend WM U20"]
[Site "Istanbul"]
[Date "2005.11.16"]
[Round "7.8"]
[White "Laznicka, Viktor"]
[Black "Predojevic, Borki"]
[Result "1/2-1/2"]
[WhiteElo "2517"]
[BlackElo "2558"]
[PlyCount "75"]
[EventDate "2005.11.??"]
[EventType "swiss"]
[EventRounds "13"]
[EventCountry "TUR"]
[Source "Reinhold Goldau"]
[SourceDate "2000.03.01"]

1. e4 c5 2. Nf3 d6 3. d4 cxd4 4. Nxd4 Nf6 5. Nc3 a6 6. Be2 e6 7. O-O Be7 8. f4
Qc7 9. Be3 Nc6 10. a4 O-O 11. Bf3 Na5 12. Kh1 Nc4 13. Bc1 e5 14. Nde2 Qc5 15.
Qd3 exf4 16. Nxf4 Be6 17. Be2 Ne5 18. Qe3 Qxe3 19. Bxe3 Rac8 20. Rad1 Rfe8 21.
Kg1 Bd7 22. Bd4 Bd8 23. Nh5 Nxh5 24. Bxh5 Be6 25. Rf2 Ba5 26. Nd5 Bxd5 27. exd5
g6 28. Bf3 Be1 29. Rf1 Nxf3+ 30. gxf3 Bh4 31. Rd2 f5 32. c3 Kf7 33. Ra1 Bg5 34.
Rf2 Rc4 35. Ra3 Rxd4 36. cxd4 Be3 37. Kf1 Bxf2 38. Kxf2 1/2-1/2

[Event "Jugend WM U20"]
[Site "Istanbul"]
[Date "2005.11.16"]
[Round "7.9"]
[White "Zinchenko, Yaroslav"]
[Black "L'Ami, Erwin"]
[Result "1/2-1/2"]
[WhiteElo "2485"]
[BlackElo "2541"]
[PlyCount "92"]
[EventDate "2005.11.??"]
[EventType "swiss"]
[EventRounds "13"]
[EventCountry "TUR"]
[Source "Reinhold Goldau"]
[SourceDate "2000.03.01"]

1. e4 c5 2. Nf3 d6 3. d4 cxd4 4. Nxd4 Nf6 5. Nc3 a6 6. a4 Nc6 7. Be2 g6 8. Be3
Bg7 9. O-O O-O 10. f4 Bg4 11. Nxc6 Bxe2 12. Nxe7+ Qxe7 13. Qxe2 Rae8 14. Bd4
Nxe4 15. Bxg7 Kxg7 16. Nd5 Qd7 17. Qd3 f5 18. Qd4+ Kg8 19. Rad1 Qg7 20. Nb6 Re6
21. Rfe1 Rfe8 22. Qxg7+ Kxg7 23. g3 Nf6 24. Rxe6 Rxe6 25. Nd5 Nxd5 26. Rxd5
Re1+ 27. Kf2 Rc1 28. Rd2 Kf7 29. Re2 h6 30. h4 Kf6 31. Kf3 Rf1+ 32. Kg2 Rb1 33.
b3 Rd1 34. Kf3 Rf1+ 35. Rf2 Rc1 36. Re2 d5 37. Ke3 Rg1 38. Kd4 Rd1+ 39. Ke3 d4+
40. Kf2 Rc1 41. a5 g5 42. hxg5+ hxg5 43. fxg5+ Kxg5 44. Rd2 Kf6 45. Rxd4 Rxc2+
46. Ke3 Ke5 1/2-1/2

[Event "Jugend WM U20"]
[Site "Istanbul"]
[Date "2005.11.16"]
[Round "7.10"]
[White "Khairullin, Ildar"]
[Black "Babujian, Levon"]
[Result "1-0"]
[WhiteElo "2537"]
[BlackElo "2429"]
[PlyCount "65"]
[EventDate "2005.11.??"]
[EventType "swiss"]
[EventRounds "13"]
[EventCountry "TUR"]
[Source "Reinhold Goldau"]
[SourceDate "2000.03.01"]

1. e4 e5 2. Nf3 Nc6 3. Bb5 Nf6 4. O-O Nxe4 5. d4 Nd6 6. Bxc6 dxc6 7. dxe5 Nf5
8. Qxd8+ Kxd8 9. Nc3 Ne7 10. h3 Ng6 11. Bg5+ Ke8 12. Rad1 Bd7 13. Rd2 Be7 14.
Bxe7 Kxe7 15. Nd4 Nf4 16. Kh2 h5 17. g3 Nd5 18. Ne4 h4 19. g4 Nf4 20. Rfd1 b6
21. Ne2 Nxe2 22. Rxd7+ Ke6 23. Ng5+ Kxe5 24. Nxf7+ Ke6 25. Nxh8 Rxh8 26. Rd8
Rxd8 27. Rxd8 Nf4 28. Rf8 Ke5 29. Rf7 Ne6 30. f4+ Nxf4 31. Rxg7 Nd5 32. Rh7 Kf4
33. Rxh4 1-0

[Event "Jugend WM U20"]
[Site "Istanbul"]
[Date "2005.11.16"]
[Round "7.13"]
[White "Kurnosov, Igor"]
[Black "Li, Chao"]
[Result "0-1"]
[WhiteElo "2523"]
[BlackElo "2305"]
[PlyCount "78"]
[EventDate "2005.11.??"]
[EventType "swiss"]
[EventRounds "13"]
[EventCountry "TUR"]
[Source "Reinhold Goldau"]
[SourceDate "2000.03.01"]

1. e4 c5 2. Nf3 d6 3. d4 Nf6 4. Nc3 cxd4 5. Nxd4 e6 6. Bg5 a6 7. f4 Nbd7 8. Qf3
Qc7 9. O-O-O b5 10. Bd3 Bb7 11. Rhe1 Be7 12. Qg3 O-O-O 13. Bxf6 Nxf6 14. Qxg7
Rdf8 15. Qg3 b4 16. Na4 Qa5 17. b3 Nh5 18. Qf2 Nxf4 19. Kb1 Ng6 20. Nf3 Kb8 21.
e5 Qc7 22. exd6 Bxd6 23. Be4 Rd8 24. Rd4 Bxe4 25. Rexe4 a5 26. a3 bxa3 27. Rc4
Qb7 28. Nc5 Bxc5 29. Qxc5 Rd5 30. Qxa3 Rhd8 31. Nd4 Rc8 32. Rxc8+ Qxc8 33. Qa4
Ne7 34. Nb5 Rc5 35. c4 Qd8 36. Na3 Qd6 37. Nc2 Nc6 38. Re3 Qc7 39. Rd3 Qe5 0-1

[Event "Jugend WM U20"]
[Site "Istanbul"]
[Date "2005.11.16"]
[Round "7.15"]
[White "Mamedov, Nidjat"]
[Black "Krivokapic, Marko"]
[Result "1-0"]
[WhiteElo "2517"]
[BlackElo "2361"]
[PlyCount "75"]
[EventDate "2005.11.??"]
[EventType "swiss"]
[EventRounds "13"]
[EventCountry "TUR"]
[Source "Reinhold Goldau"]
[SourceDate "2000.03.01"]

1. e4 c5 2. Nf3 d6 3. d4 cxd4 4. Nxd4 Nf6 5. Nc3 a6 6. Bg5 e6 7. f4 Be7 8. Qf3
Qb6 9. O-O-O Nc6 10. Nxc6 Qxc6 11. Qd3 Bd7 12. Be2 O-O-O 13. e5 dxe5 14. fxe5
Nd5 15. Bxe7 Nxe7 16. Ne4 Kb8 17. Nd6 Bc8 18. Qg3 Nf5 19. Nxf5 exf5 20. Bf3
Qh6+ 21. Kb1 f4 22. Qe1 Qe6 23. Qc3 Rxd1+ 24. Rxd1 Re8 25. Rd5 g5 26. h3 h5 27.
Rc5 g4 28. hxg4 hxg4 29. Bd5 Qh6 30. b3 f3 31. gxf3 g3 32. f4 Qxf4 33. Kb2 b6
34. Rc6 Qf2 35. Qb4 Ka7 36. Rc7+ Kb8 37. Qd6 Qd4+ 38. Ka3 1-0

[Event "Jugend WM U20"]
[Site "Istanbul"]
[Date "2005.11.16"]
[Round "7.16"]
[White "Moradiabadi, Elshan"]
[Black "Kvon, Andrey"]
[Result "1/2-1/2"]
[WhiteElo "2497"]
[BlackElo "2293"]
[PlyCount "51"]
[EventDate "2005.11.??"]
[EventType "swiss"]
[EventRounds "13"]
[EventCountry "TUR"]
[Source "Reinhold Goldau"]
[SourceDate "2000.03.01"]

1. e4 e5 2. Nf3 Nc6 3. Bb5 a6 4. Ba4 Nf6 5. O-O Be7 6. Re1 b5 7. Bb3 d6 8. c3
O-O 9. h3 h6 10. d4 Re8 11. Nbd2 Bf8 12. Nf1 Bb7 13. Ng3 Na5 14. Bc2 Nc4 15. a4
d5 16. Nxe5 Nxe4 17. Nxc4 bxc4 18. Nxe4 dxe4 19. Bf4 Bd6 20. Qg4 Bxf4 21. Qxf4
Qd6 22. Qh4 f5 23. Rad1 Bd5 24. Re2 Rab8 25. Bb1 g5 26. Qg3 1/2-1/2

[Event "Jugend WM U20"]
[Site "Istanbul"]
[Date "2005.11.16"]
[Round "7.17"]
[White "Wei, Chenpeng"]
[Black "Magalashvili, Davit"]
[Result "0-1"]
[WhiteElo "2390"]
[BlackElo "2448"]
[PlyCount "96"]
[EventDate "2005.11.??"]
[EventType "swiss"]
[EventRounds "13"]
[EventCountry "TUR"]
[Source "Reinhold Goldau"]
[SourceDate "2000.03.01"]

1. e4 c5 2. Nf3 d6 3. d4 cxd4 4. Nxd4 Nf6 5. Nc3 a6 6. Be3 e5 7. Nb3 Be6 8. f3
Be7 9. Qd2 O-O 10. O-O-O Nbd7 11. g4 b5 12. g5 b4 13. Ne2 Ne8 14. f4 a5 15. f5
a4 16. fxe6 axb3 17. exf7+ Rxf7 18. Kb1 bxc2+ 19. Kxc2 Nb6 20. Nc1 d5 21. exd5
Nd6 22. Kb1 Nbc4 23. Bxc4 Nxc4 24. Qd3 Nxe3 25. Qxe3 Bxg5 26. Qxe5 Bxc1 27.
Rxc1 Qa5 28. a3 bxa3 29. b3 Qb5 30. Ka1 Re8 31. Qd4 Qxb3 32. Rhe1 Rxe1 33. Rxe1
Rb7 34. Qe5 Qb2+ 35. Qxb2 axb2+ 36. Kb1 Kf7 37. Re2 Rb5 38. Rd2 Ke7 39. d6+ Kd7
40. Rxb2 Rxb2+ 41. Kxb2 Kxd6 42. Kc3 Ke5 43. Kd3 Kf4 44. Ke2 Kg4 45. Kf2 Kh3
46. Kg1 g5 47. Kh1 g4 48. Kg1 h6 0-1

[Event "Jugend WM U20"]
[Site "Istanbul"]
[Date "2005.11.16"]
[Round "7.18"]
[White "Rau, Hannes"]
[Black "Moosavian, S Hamed"]
[Result "1-0"]
[WhiteElo "2421"]
[BlackElo "2263"]
[PlyCount "44"]
[EventDate "2005.11.??"]
[EventType "swiss"]
[EventRounds "13"]
[EventCountry "TUR"]
[Source "Reinhold Goldau"]
[SourceDate "2000.03.01"]

1. d4 e6 2. Nf3 Nf6 3. c4 c5 4. d5 exd5 5. cxd5 d6 6. Nc3 g6 7. e4 Bg7 8. Bb5+
Nbd7 9. a4 O-O 10. O-O a6 11. Be2 Re8 12. Nd2 Rb8 13. f4 Qc7 14. Kh1 Nf8 15. h3
Bd7 16. a5 Bc8 17. Qc2 b5 18. axb6 Rxb6 19. e5 dxe5 20. fxe5 N6d7 21. Nde4 Rb4
22. e6 Ne5 1-0

[Event "Jugend WM U20"]
[Site "Istanbul"]
[Date "2005.11.16"]
[Round "7.19"]
[White "Poobesh Anand, S."]
[Black "Zeynalov, Farid"]
[Result "1/2-1/2"]
[WhiteElo "2397"]
[BlackElo "2179"]
[PlyCount "42"]
[EventDate "2005.11.??"]
[EventType "swiss"]
[EventRounds "13"]
[EventCountry "TUR"]
[Source "Reinhold Goldau"]
[SourceDate "2000.03.01"]

1. d4 d5 2. Nf3 Nf6 3. c4 dxc4 4. e3 e6 5. Bxc4 c5 6. O-O a6 7. a4 Nc6 8. Qe2
Qc7 9. Nc3 Bd6 10. dxc5 Bxc5 11. h3 O-O 12. Rd1 h6 13. e4 Nd7 14. Ba2 b6 15.
Bd2 Bb7 16. Rac1 Rfd8 17. Bb1 Rac8 18. Na2 a5 19. Nc3 Qb8 20. Nb5 Ne7 21. Ne1
Ng6 1/2-1/2

[Event "Jugend WM U20"]
[Site "Istanbul"]
[Date "2005.11.16"]
[Round "7.20"]
[White "Esen, Baris"]
[Black "Lenic, Luka"]
[Result "1/2-1/2"]
[WhiteElo "2384"]
[BlackElo "2476"]
[PlyCount "69"]
[EventDate "2005.11.??"]
[EventType "swiss"]
[EventRounds "13"]
[EventCountry "TUR"]
[Source "Reinhold Goldau"]
[SourceDate "2000.03.01"]

1. d4 c5 2. d5 e5 3. e4 d6 4. Nc3 Be7 5. Nf3 Nf6 6. Bb5+ Nbd7 7. Nxe5 dxe5 8.
d6 Bf8 9. Bg5 h6 10. Nd5 hxg5 11. Nc7+ Qxc7 12. dxc7 a6 13. Bxd7+ Bxd7 14. Qd2
g4 15. O-O-O Rc8 16. h3 gxh3 17. Rxh3 Rxh3 18. gxh3 Rxc7 19. Qg5 Rc8 20. Qxe5+
Be7 21. Qg5 Kf8 22. e5 Ng8 23. Qg2 Be6 24. Rg1 g6 25. Qf3 Kg7 26. Qxb7 c4 27.
Qxa6 Bc5 28. a4 Ne7 29. a5 Nc6 30. Rd1 Nd4 31. Qb7 Rd8 32. Rd2 Rd7 33. Qe4 Bf5
34. Qh4 Kg8 35. Qg3 1/2-1/2

[Event "Jugend WM U20"]
[Site "Istanbul"]
[Date "2005.11.16"]
[Round "7.21"]
[White "Kuderinov, Kirill"]
[Black "Terrieux, Kevin"]
[Result "0-1"]
[WhiteElo "2432"]
[BlackElo "2365"]
[PlyCount "56"]
[EventDate "2005.11.??"]
[EventType "swiss"]
[EventRounds "13"]
[EventCountry "TUR"]
[Source "Reinhold Goldau"]
[SourceDate "2000.03.01"]

1. e4 c5 2. Nf3 Nc6 3. Bb5 g6 4. O-O Bg7 5. Bxc6 dxc6 6. d3 Nf6 7. Nc3 Nd7 8.
Bg5 Nf8 9. Qd2 h6 10. Be3 b6 11. Ne1 Ne6 12. f4 Nd4 13. Nd1 Ne6 14. f5 gxf5 15.
Rxf5 Nc7 16. Rf1 Be6 17. Nf3 Qd7 18. c3 O-O-O 19. Nf2 f5 20. exf5 Bxf5 21. Rad1
e5 22. a4 Qe7 23. Qe2 Rhe8 24. a5 e4 25. dxe4 Rxd1 26. Rxd1 Bxe4 27. Bf4 Bxf3
28. Qxf3 Qe1+ 0-1

[Event "Jugend WM U20"]
[Site "Istanbul"]
[Date "2005.11.16"]
[Round "7.23"]
[White "Cornette, Matthieu"]
[Black "El Debs, Felipe De Cresce"]
[Result "1/2-1/2"]
[WhiteElo "2418"]
[BlackElo "2341"]
[PlyCount "37"]
[EventDate "2005.11.??"]
[EventType "swiss"]
[EventRounds "13"]
[EventCountry "TUR"]
[Source "Reinhold Goldau"]
[SourceDate "2000.03.01"]

1. e4 c5 2. Nf3 g6 3. d4 cxd4 4. Qxd4 Nf6 5. Nc3 Nc6 6. Qa4 d6 7. e5 dxe5 8.
Nxe5 Qd4 9. Nxc6 Qxa4 10. Nxa4 bxc6 11. Be3 Bg7 12. Bd3 O-O 13. O-O Re8 14. f3
Nd5 15. Bf2 Nb4 16. Be4 f5 17. a3 fxe4 18. axb4 exf3 19. Nb6 1/2-1/2

[Event "Jugend WM U20"]
[Site "Istanbul"]
[Date "2005.11.16"]
[Round "7.26"]
[White "Aleskerov, Faik"]
[Black "Livshits, Gaby"]
[Result "0-1"]
[WhiteElo "2321"]
[BlackElo "2381"]
[PlyCount "68"]
[EventDate "2005.11.??"]
[EventType "swiss"]
[EventRounds "13"]
[EventCountry "TUR"]
[Source "Reinhold Goldau"]
[SourceDate "2000.03.01"]

1. Nf3 Nf6 2. e3 g6 3. d4 Bg7 4. Bd3 O-O 5. O-O d5 6. Nbd2 c5 7. c3 Nc6 8. dxc5
Bg4 9. Qa4 e5 10. Bb5 e4 11. Bxc6 exf3 12. Bxb7 fxg2 13. Kxg2 Rb8 14. c6 Qe7
15. f3 Bf5 16. Re1 Ne4 17. fxe4 Qh4 18. Re2 Be5 19. Kg1 Bh3 20. Qd1 Qg4+ 21.
Kh1 Bg2+ 22. Kg1 Bxh2+ 23. Kxh2 Qh3+ 24. Kg1 Qh1+ 25. Kf2 Qxd1 26. Re1 Qg4 27.
Rg1 f5 28. e5 f4 29. Rxg2 fxe3+ 30. Kg1 Qd1+ 31. Kh2 Qh5+ 32. Kg1 e2 33. Nf3
Qxf3 34. Bh6 Qf1+ 0-1

[Event "Jugend WM U20"]
[Site "Istanbul"]
[Date "2005.11.16"]
[Round "7.27"]
[White "Carron, Julien"]
[Black "Wen, Yang"]
[Result "0-1"]
[WhiteElo "2314"]
[BlackElo "2374"]
[PlyCount "65"]
[EventDate "2005.11.??"]
[EventType "swiss"]
[EventRounds "13"]
[EventCountry "TUR"]
[Source "Reinhold Goldau"]
[SourceDate "2000.03.01"]

1. d4 d5 2. Nf3 Nf6 3. c4 dxc4 4. e3 e6 5. Bxc4 c5 6. O-O a6 7. e4 b5 8. Bd3
Bb7 9. Bg5 Be7 10. e5 Nfd7 11. Bxe7 Qxe7 12. a4 b4 13. Nbd2 cxd4 14. Be4 Nc6
15. Nc4 O-O 16. Nd6 f5 17. Bxc6 Bxc6 18. Qxd4 Rad8 19. Rad1 Bd5 20. Nc4 Nc5 21.
Nd6 Nd7 22. Nc4 Nb8 23. Qf4 Nc6 24. Rd3 Qc5 25. Ncd2 Qc2 26. Re3 Qxb2 27. Nc4
Qc2 28. Nb6 b3 29. Ne1 Qd2 30. Nd3 h6 31. Rb1 Kh8 32. Nc4 Rb8 33. Nc5 0-1

[Event "Jugend WM U20"]
[Site "Istanbul"]
[Date "2005.11.16"]
[Round "7.28"]
[White "Perdomo, Leandro"]
[Black "Nava, Roderick"]
[Result "1-0"]
[WhiteElo "2373"]
[BlackElo "2317"]
[PlyCount "95"]
[EventDate "2005.11.??"]
[EventType "swiss"]
[EventRounds "13"]
[EventCountry "TUR"]
[Source "Reinhold Goldau"]
[SourceDate "2000.03.01"]

1. d4 Nf6 2. c4 g6 3. Nc3 Bg7 4. e4 d6 5. f3 O-O 6. Be3 c5 7. Nge2 Nc6 8. d5
Ne5 9. Ng3 e6 10. Be2 exd5 11. cxd5 a6 12. a4 Bd7 13. h3 b5 14. f4 Nc4 15. Bxc4
bxc4 16. O-O Re8 17. Qf3 h6 18. e5 dxe5 19. fxe5 Rxe5 20. Bxc5 Bf5 21. Bd4 Nd7
22. Qf2 Bd3 23. Qxf7+ Kh8 24. Rf2 Qe8 25. Bxe5 Bxe5 26. Qxe8+ Rxe8 27. Nge2 Nf6
28. Kh1 g5 29. Rd1 Kg7 30. Nc1 Bg6 31. d6 Nd7 32. Re2 Rf8 33. Rde1 Re8 34. Nd5
Re6 35. Na2 Bf7 36. Nc7 Rxd6 37. Rxe5 Nxe5 38. Rxe5 Rd2 39. Nc3 Rxb2 40. Nxa6
Rb3 41. Re3 Bg6 42. Nc7 Ra3 43. N7b5 Ra1+ 44. Kh2 Kf6 45. Nd5+ Kf7 46. Ra3 Rxa3
47. Nxa3 Ke6 48. Nc3 1-0

[Event "Jugend WM U20"]
[Site "Istanbul"]
[Date "2005.11.16"]
[Round "7.29"]
[White "Jessel, Stephen"]
[Black "Barnaure, Vlad-Victor"]
[Result "1/2-1/2"]
[WhiteElo "2304"]
[BlackElo "2454"]
[PlyCount "47"]
[EventDate "2005.11.??"]
[EventType "swiss"]
[EventRounds "13"]
[EventCountry "TUR"]
[Source "Reinhold Goldau"]
[SourceDate "2000.03.01"]

1. e4 c6 2. d4 d5 3. e5 Bf5 4. Nc3 e6 5. g4 Bg6 6. Nge2 c5 7. h4 h5 8. Nf4 Bh7
9. Nxh5 cxd4 10. Nb5 Nc6 11. Nxd4 Nge7 12. c3 a6 13. Rh3 Nxe5 14. Bg5 Qc7 15.
Re3 N5c6 16. Nxc6 Qxc6 17. Qd4 Rg8 18. Bf6 O-O-O 19. Bxg7 Rxg7 20. Nxg7 Ng6 21.
Qf6 d4 22. cxd4 Be7 23. Qxe7 Nxe7 24. Rc3 1/2-1/2

[Event "Jugend WM U20"]
[Site "Istanbul"]
[Date "2005.11.16"]
[Round "7.30"]
[White "Rohit, Gogineni"]
[Black "Can, Emre"]
[Result "1-0"]
[WhiteElo "2401"]
[BlackElo "2287"]
[PlyCount "61"]
[EventDate "2005.11.??"]
[EventType "swiss"]
[EventRounds "13"]
[EventCountry "TUR"]
[Source "Reinhold Goldau"]
[SourceDate "2000.03.01"]

1. e4 c5 2. Nf3 d6 3. d4 cxd4 4. Nxd4 Nf6 5. Nc3 g6 6. Be3 Bg7 7. f3 Nc6 8. Qd2
O-O 9. Bc4 Bd7 10. O-O-O Rb8 11. Bb3 Na5 12. Bh6 b5 13. Bxg7 Kxg7 14. Nd5 Nxb3+
15. Nxb3 Nxd5 16. exd5 b4 17. h4 h6 18. Qd4+ Kh7 19. h5 g5 20. Rhe1 Re8 21.
Qe4+ Kh8 22. Nd4 Qa5 23. Kb1 Rb6 24. Nf5 Bxf5 25. Qxf5 Kg7 26. Re6 b3 27. cxb3
Rbb8 28. f4 fxe6 29. Qg6+ Kh8 30. Qxh6+ Kg8 31. fxg5 1-0

[Event "Jugend WM U20"]
[Site "Istanbul"]
[Date "2005.11.16"]
[Round "7.31"]
[White "Grecescu, Gabriel-Andrei"]
[Black "Uzun, Fuat"]
[Result "1-0"]
[WhiteElo "2380"]
[BlackElo "2070"]
[PlyCount "105"]
[EventDate "2005.11.??"]
[EventType "swiss"]
[EventRounds "13"]
[EventCountry "TUR"]
[Source "Reinhold Goldau"]
[SourceDate "2000.03.01"]

1. Nf3 Nf6 2. d4 d5 3. g3 Bf5 4. Bg2 h6 5. O-O e6 6. c4 c6 7. b3 Bd6 8. Bb2
Nbd7 9. Nbd2 Qe7 10. Re1 Ne4 11. a3 Ndf6 12. Nxe4 Bxe4 13. Nd2 Bxg2 14. Kxg2
Qd7 15. e4 dxe4 16. Nxe4 Be7 17. Qf3 O-O 18. Rad1 Nxe4 19. Rxe4 f5 20. Ree1 Bf6
21. Bc3 Rad8 22. a4 Qf7 23. a5 a6 24. Rd3 Rd7 25. Qe2 Re8 26. Red1 Bd8 27. Re3
Bf6 28. Red3 Bd8 29. Bd2 Bc7 30. f4 Bd8 31. Bb4 Bf6 32. Bc5 Bd8 33. b4 Bf6 34.
Re1 Kh7 35. h3 Kg8 36. Qe3 Kh7 37. Re2 Kg8 38. Qf3 Qg6 39. Kh2 h5 40. Rg2 Kf7
41. Rgd2 Kg8 42. Re2 Qf7 43. Kg2 g6 44. g4 fxg4 45. hxg4 Kh7 46. Kf1 hxg4 47.
Qxg4 Kg7 48. Rh3 Bxd4 49. Reh2 Qg8 50. Rh6 Kf7 51. Bxd4 Rxd4 52. Rh7+ Kf8 53.
Qg5 1-0

[Event "Jugend WM U20"]
[Site "Istanbul"]
[Date "2005.11.16"]
[Round "7.32"]
[White "Tikkanen, Hans"]
[Black "Maenhout, Thibaut"]
[Result "1/2-1/2"]
[WhiteElo "2343"]
[BlackElo "2282"]
[PlyCount "37"]
[EventDate "2005.11.??"]
[EventType "swiss"]
[EventRounds "13"]
[EventCountry "TUR"]
[Source "Reinhold Goldau"]
[SourceDate "2000.03.01"]

1. d4 d5 2. c4 c6 3. Nf3 Nf6 4. Nc3 e6 5. Bg5 h6 6. Bxf6 Qxf6 7. e3 Nd7 8. Bd3
dxc4 9. Bxc4 g6 10. O-O Bg7 11. Rc1 O-O 12. b4 Rd8 13. Qb3 Qe7 14. Rfd1 b6 15.
b5 Bb7 16. bxc6 Bxc6 17. e4 Bb7 18. h3 Rac8 19. a4 1/2-1/2

[Event "Jugend WM U20"]
[Site "Istanbul"]
[Date "2005.11.16"]
[Round "7.33"]
[White "Amanov, Mesgen"]
[Black "Xie, George Wendi"]
[Result "0-1"]
[WhiteElo "2273"]
[BlackElo "2340"]
[PlyCount "83"]
[EventDate "2005.11.??"]
[EventType "swiss"]
[EventRounds "13"]
[EventCountry "TUR"]
[Source "Reinhold Goldau"]
[SourceDate "2000.03.01"]

1. d4 Nf6 2. Nf3 g6 3. c4 Bg7 4. Nc3 c5 5. e4 cxd4 6. Nxd4 d6 7. Be2 O-O 8. O-O
Nc6 9. Be3 Nd7 10. Rc1 Nde5 11. b3 f5 12. exf5 gxf5 13. Nxc6 bxc6 14. Qd2 Ng6
15. Bh6 Bxh6 16. Qxh6 e5 17. Rfd1 Rf6 18. Rd3 a5 19. Rcd1 Ra7 20. c5 d5 21.
Nxd5 cxd5 22. Rxd5 Qe7 23. Rd8+ Rf8 24. Rxf8+ Nxf8 25. Qb6 Be6 26. Rd6 Bf7 27.
h3 a4 28. Ba6 a3 29. Bc8 f4 30. Bf5 Rb7 31. Qa5 e4 32. Qxa3 e3 33. Qc1 e2 34.
Qe1 Bxb3 35. Kh2 Bxa2 36. Bd3 f3 37. gxf3 Qe5+ 38. Kh1 Bd5 39. Rxd5 Qxd5 40.
Qxe2 Qg5 41. Bc4+ Kh8 42. Qb2+ 0-1

[Event "Jugend WM U20"]
[Site "Istanbul"]
[Date "2005.11.16"]
[Round "7.34"]
[White "Pileckis, Emilis"]
[Black "Jojua, Davit"]
[Result "0-1"]
[WhiteElo "2255"]
[BlackElo "2337"]
[PlyCount "64"]
[EventDate "2005.11.??"]
[EventType "swiss"]
[EventRounds "13"]
[EventCountry "TUR"]
[Source "Reinhold Goldau"]
[SourceDate "2000.03.01"]

1. d4 Nf6 2. c4 g6 3. Nc3 Bg7 4. e4 d6 5. h3 O-O 6. Nf3 e5 7. d5 Nbd7 8. Bg5 a5
9. Be2 Nc5 10. Qc2 Bd7 11. g4 c6 12. Nd2 cxd5 13. cxd5 Qc7 14. Rc1 Rfc8 15. Be3
Qb8 16. g5 Nh5 17. Bxh5 gxh5 18. Bxc5 Rxc5 19. Qd1 b5 20. Qxh5 b4 21. Ne2 Rxc1+
22. Nxc1 Bb5 23. Qd1 Qc7 24. a4 Bxa4 25. b3 Bb5 26. Rg1 a4 27. bxa4 Bxa4 28.
Ncb3 Bxb3 29. Nxb3 Qc3+ 30. Ke2 Ra2+ 31. Nd2 Qc4+ 32. Ke1 Qd4 0-1